Hoodie Allen's Collaborations - Statistics

General Stats
  • This quiz has been taken 7 times
  • The average score is 11 of 34
Answer Stats
Song(s) Answer % Correct
All About It Ed Sheeran
100%
Surprise Party, Champagne and Pools blackbear
80%
Champagne and Pools Kyle
80%
Fame Is for Assholes Chiddy
60%
Lady Killers, Casanova G-Eazy
60%
Won't Mind, Against Me, Gibberish MAX
60%
Long Night Chance the Rapper
40%
Buddy, Chirp, Vroom Connor Price
40%
Hey Ben Games We Play
40%
Two Lips, All That I Know Moosh & Twist
40%
Casanova Skizzy Mars
40%
Sirens Alex Wiley
20%
Come Around Christian French
20%
Operation Chrystal
20%
Elton John Dr. Woke
20%
60 Seconds gianni & kyle
20%
Heartbreak Goody Grace
20%
Heart 2 Heart, Same as Before Jared Evan
20%
Toast Jared Evan
20%
No Faith in Brooklyn Jhameel
20%
Make It Home Kina Grannis
20%
Elton John LIL PHAG
20%
Are U Having Any Fun? Meghan Tonjes
20%
Feel Good Outasight
20%
Make You Feel Ricky Smith
20%
All For Me Scott Hoying
20%
Wave Goodbye Shwayze
20%
Giving Up On Us Spencer Sutherland
20%
All My Friends State Champs
20%
Toast Statik Selektah
20%
The Moment Travis Garland
20%
Swimming with Shark VV Brown
20%
Fakin Wale
20%
8-Bit World Your Favorite Martian
20%
No matching quizzes found
Score Distribution
Percent of People with Each Score
Percentile by Number Answered
Your Score History
You have not taken this quiz